|
|
|
|
| LEADER |
00599nam a22001811a 4500 |
| 020 |
|
|
|a 8170172217
|
| 082 |
|
|
|a 792.095 4
|b VAR/H
|
| 100 |
|
|
|a Varadpande M L
|
| 245 |
|
|
|a History of Indian theatre/
|c by Varadpande M L.
|
| 260 |
|
|
|a New Delhi:
|b Shakti Malik Abhinav Publications,
|c 1987.
|
| 300 |
|
|
|a 287p..
|
| 650 |
|
|
|a Stage Presentation
|
| 650 |
|
|
|a History Theater India
|
| 650 |
|
|
|a Performing Art
|
| 650 |
|
|
|a Arts
|
| 942 |
|
|
|c BK
|
| 999 |
|
|
|c 60625
|d 60625
|
| 952 |
|
|
|0 0
|1 0
|4 0
|6 792_095000000000000_4_VAR_H
|7 0
|9 83780
|a SSUS
|b SSUS
|c REF
|d 2016-06-14
|g 650.00
|o 792.095 4 VAR/H
|p 010838
|r 2016-06-14
|w 2016-06-14
|y BK
|